| 000 | 00966cam a22001934a 4500 | ||
|---|---|---|---|
| 005 | 20250605164109.0 | ||
| 008 | 250528s ||||||||||||||||||||||||d | ||
| 035 | _a17825 | ||
| 020 | _a9789607846662 | ||
| 040 |
_aGR-AtMCL _bgre _dGR-AtMCL _eAACR2 |
||
| 245 | 1 | _aΜία Κάμπια Πολύ Πεινασμένη / Έβδομη Έκδοση: The Very Hungry Caterpillar | |
| 260 |
_bΚαλειδοσκόπιο, _c2006 |
||
| 300 | _a20 | ||
| 520 | _aΟ συγγραφέας αφηγείται με το δικό του μοναδικό τρόπο ένα από τα μικρά καθημερινά θαύματα της φύσης, σε ένα βιβλίο που θα γοητεύσει τα πολύ μικρά παιδιά, ενώ, ταυτόχρονα, τα μαθαίνει τους αριθμούς ως το δέκα και τις ημέρες της εβδομάδας. | ||
| 700 | 1 |
_aCarle Eric _94097 |
|
| 942 | _cBK | ||
| 999 |
_c3225 _d3225 |
||